Scrambled California Cities - Statistics

General Stats
  • This quiz has been taken 22 times
  • The average score is 7 of 20
Answer Stats
Answer % Correct
Concord
100%
Los Angeles
100%
Pasadena
100%
Riverside
100%
San Diego
100%
Santa Ana
100%
Santa Clarita
100%
Stockton
100%
San Francisco
75%
San Jose
75%
Bakersfield
67%
Irvine
67%
Santa Clara
67%
Visalia
67%
Escondido
50%
Fremont
50%
Fresno
50%
Long Beach
50%
Modesto
50%
Ontario
50%
Orange
50%
Pomona
50%
Hayward
33%
Huntington Beach
33%
Lancaster
33%
Rancho Cucamonga
33%
Thousand Oaks
33%
Anaheim
0%
Chula Vista
0%
Corona
0%
Elk Grove
0%
Fontana
0%
Fullerton
0%
Garden Grove
0%
Glendale
0%
Moreno Valley
0%
Oakland
0%
Oceanside
0%
Oxnard
0%
Palmdale
0%
Roseville
0%
Sacramento
0%
Salinas
0%
San Bernardino
0%
Santa Rosa
0%
Simi Valley
0%
Sunnyvale
0%
Torrance
0%
Vallejo
0%
Victorville
0%
No matching quizzes found
Score Distribution
Percent of People with Each Score
Percentile by Number Answered
Your Score History
You have not taken this quiz